EFFECT OF POTASSIUM NITRATE (KNO3) DOSES IN KNOP SOLUTION ON PETSI CROP,(ឥទ្ធិុពលកំហាប់ប៉ូតាស្យូមនីត្រាតក្នុងសូលុយស្យុងក្នូបលើដំណាំស្ពៃចង្កឹះ). (Record no. 949)

000 -LEADER
fixed length control field 00643nam a22001577a 4500
003 - CONTROL NUMBER IDENTIFIER
control field OSt
005 - DATE AND TIME OF LATEST TRANSACTION
control field 20150921101604.0
008 - FIXED-LENGTH DATA ELEMENTS--GENERAL INFORMATION
fixed length control field 150921b xxu||||| |||| 00| 0 eng d
040 ## - CATALOGING SOURCE
Transcribing agency RUA
082 ## - DEWEY DECIMAL CLASSIFICATION NUMBER
Classification number AGR CHH 2006 BO33 Or.1
100 ## - MAIN ENTRY--PERSONAL NAME
9 (RLIN) 988
Personal name CHHOUN, VIOLET
245 ## - TITLE STATEMENT
Title EFFECT OF POTASSIUM NITRATE (KNO3) DOSES IN KNOP SOLUTION ON PETSI CROP,(ឥទ្ធិុពលកំហាប់ប៉ូតាស្យូមនីត្រាតក្នុងសូលុយស្យុងក្នូបលើដំណាំស្ពៃចង្កឹះ).
260 ## - PUBLICATION, DISTRIBUTION, ETC. (IMPRINT)
Place of publication, distribution, etc. PHNOM PHEN
Name of publisher, distributor, etc. RUA
Date of publication, distribution, etc. 2006
300 ## - PHYSICAL DESCRIPTION
Extent XIII,37P.
Other physical details ILL.
Dimensions 29CM.
942 ## - ADDED ENTRY ELEMENTS (KOHA)
Source of classification or shelving scheme
Koha item type AGR
Holdings
Price effective from Date last seen Permanent Location Not for loan Date acquired Source of classification or shelving scheme Koha item type Barcode Lost status Damaged status Shelving location Withdrawn status Current Location Full call number
2015-09-212015-09-21Library Block B 2015-09-21 AGRRUA002979  B033 Library Block BAGR CHH 2006 BO33 Or.1
2019-01-212019-01-21Library Block B 2019-01-21 AGRA41147  B1.210 Library Block BAGR CHH 2006 B1.210 Or.1
មជ្ឈមណ្ឌលឯការនៃសាកលវិទ្យាល័យភូមិន្ទកសិកម្មចំការដូង

Powered by Koha